| 000 | 00570nam a2200205Ia 4500 | ||
|---|---|---|---|
| 005 | 20250508152732.0 | ||
| 008 | 008 250505s9999 xx 000 0 eng d | ||
| 037 | _aTextual | ||
| 040 |
_aFEDL _beng _cFEDL |
||
| 041 |
_aeng _2eng |
||
| 084 |
_a741.6, ROD _qFEDL |
||
| 100 |
_aRodewald Fred C _9762247 |
||
| 245 | 0 | _aCommercial art as a business | |
| 250 | _aRev. Ed. | ||
| 260 |
_aNew York, USA _bThe Viking Press _c1960 |
||
| 300 | _axii,180p | ||
| 700 |
_a Gottschall Edward M _9762248 |
||
| 942 |
_cTEXL _h741.6, ROD |
||
| 999 |
_c1338399 _d1338399 |
||